Teaching public speaking / (Record no. 10053)
[ view plain ]
| 000 -LEADER | |
|---|---|
| fixed length control field | 01473nam a2200277 a 4500 |
| 001 - CONTROL NUMBER | |
| control field | 3555449 |
| 003 - CONTROL NUMBER IDENTIFIER | |
| control field | OSt |
| 005 - DATE AND TIME OF LATEST TRANSACTION | |
| control field | 20230914092452.0 |
| 008 - FIXED-LENGTH DATA ELEMENTS--GENERAL INFORMATION | |
| fixed length control field | 971112s1997 nyu b 000 0 eng |
| 010 ## - LIBRARY OF CONGRESS CONTROL NUMBER | |
| LC control number | 97214426 |
| 020 ## - INTERNATIONAL STANDARD BOOK NUMBER | |
| International Standard Book Number | 0321003861 (pbk.) |
| 040 ## - CATALOGING SOURCE | |
| Original cataloging agency | WIUC - GH |
| Transcribing agency | WIUC - GH |
| 050 00 - LIBRARY OF CONGRESS CALL NUMBER | |
| Classification number | PN4121 |
| Item number | .G39 1997 |
| 082 00 - DEWEY DECIMAL CLASSIFICATION NUMBER | |
| Classification number | 808.5/1 |
| Edition number | 21 |
| 100 1# - MAIN ENTRY--PERSONAL NAME | |
| Personal name | German, Kathleen. |
| 9 (RLIN) | 2412 |
| 245 10 - TITLE STATEMENT | |
| Title | Teaching public speaking / |
| Statement of responsibility, etc. | by Kathleen German. |
| 260 ## - PUBLICATION, DISTRIBUTION, ETC. | |
| Place of publication, distribution, etc. | [New York] : |
| Name of publisher, distributor, etc. | Longman Publishers, |
| Date of publication, distribution, etc. | c1997. |
| 300 ## - PHYSICAL DESCRIPTION | |
| Extent | 105 p. ; |
| Dimensions | 23 cm. |
| 504 ## - BIBLIOGRAPHY, ETC. NOTE | |
| Bibliography, etc. note | Includes bibliographical references (p. 86-105). |
| 505 ## - FORMATTED CONTENTS NOTE | |
| Formatted contents note | Contents: Planning your course -- Developing a schedule -- Developing speaking assignments -- Helping students find speaking topics -- Handling students' communication anxiety -- Establishing rapport and motivating students -- Facilitating learning in the classroom -- Critical thinking skills -- Incorporating diversity in the classroom -- Planning lectures -- Using classroom exercises --Facilitating discussion -- Assessing student performance -- Improving your teaching -- Videotape assessment of teaching -- A final checklist -- A selected bibliography -- Audiovisual resources |
| 650 #0 - SUBJECT ADDED ENTRY--TOPICAL TERM | |
| Topical term or geographic name entry element | Public speaking. |
| 9 (RLIN) | 715 |
| 650 #0 - SUBJECT ADDED ENTRY--TOPICAL TERM | |
| Topical term or geographic name entry element | Communication |
| General subdivision | Study and teaching. |
| 9 (RLIN) | 2413 |
| 906 ## - LOCAL DATA ELEMENT F, LDF (RLIN) | |
| a | 7 |
| b | cbc |
| c | orignew |
| d | 3 |
| e | ncip |
| f | 19 |
| g | y-gencatlg |
| 942 ## - ADDED ENTRY ELEMENTS (KOHA) | |
| Source of classification or shelving scheme | Library of Congress Classification |
| Koha item type | Books |
| Withdrawn status | Lost status | Source of classification or shelving scheme | Damaged status | Not for loan | Home library | Current library | Shelving location | Date acquired | Total Checkouts | Full call number | Barcode | Date last seen | Price effective from | Koha item type |
|---|---|---|---|---|---|---|---|---|---|---|---|---|---|---|
| Library of Congress Classification | WISCONSIN INTERNATIONAL UNIVERSITY COLLEGE, GHANA KUMASI LIBRARY | WISCONSIN INTERNATIONAL UNIVERSITY COLLEGE, GHANA KUMASI LIBRARY | General Stacks | 08/03/2023 | PN4121.G39 | K/2937/0035/23 | 14/09/2023 | 14/09/2023 | Books |
